000 00326nam a22001337a 4500
020 _a0471775606
082 _a332.63240973 SEL
100 _aSeldin,Maury
245 _aReal Estate investment strategy
260 _aLondon
_bwiley- Interscience
_c1970
300 _axiii, 248p.
_b22cm.
500 _aInclude index
942 _cBK
999 _c15004
_d15004